| 000 | 01589nam0a2200349 4500 | ||
|---|---|---|---|
| 001 | RU\NLR\bibl\1426244 | ||
| 005 | 20250615220116.0 | ||
| 010 |
_a978-5-7456-0191-0 _9100 |
||
| 021 |
_aRU _b2009-65618 _94044 |
||
| 035 | _a(NLR Aleph) 001418168 | ||
| 090 |
_a1325529 _c1325529 |
||
| 100 | _a20091016d2008 |||y0rusy50 ca | ||
| 101 | 0 | _arus | |
| 102 | _aRU | ||
| 105 | _aa ||||||||| | ||
| 200 | 1 |
_aЭффективность производства экологической сельскохозяйственной продукции _fХабиров Г.А., Брагина Т.Е. _gФедерал. гос. образоват. учреждение высш. проф. образования "Башк. гос. аграр. ун-т" |
|
| 210 |
_aУфа _cБашкирский ГАУ _d2008 |
||
| 215 |
_a143 с. _cил., карт. _d20 |
||
| 320 | _aБиблиогр.: с. 118-134 (182 назв.) | ||
| 606 | 1 |
_aСельское хозяйство _xЭкологически чистые технологии _92293888 _3RU\NLR\auth\661373652 |
|
| 606 | 1 |
_aСельскохозяйственные продукты _xПроизводство _xЭффективность _91655676 _3RU\NLR\auth\661031875 |
|
| 686 | _aП028 | ||
| 686 | _aУ32(2)-07 | ||
| 700 | 1 |
_aХабиров _bГ. А. _gГамир Ахметгалеевич _4070 |
|
| 701 | 1 |
_aБрагина _bТ. Е. _gТатьяна Евгеньевна _4070 |
|
| 801 | 0 |
_aRU _bNLR _c20091016 _gRCR |
|
| 801 | 1 |
_aRU _bNLR _c20091016 |
|
| 830 | _aавт. по кн. | ||
| 942 | _cBOOK | ||
| 980 | _aNB | ||
| 980 | _aNBR | ||